Lo que cuentan los boleros : La historia de 100 hermosos boleros de sus compositores y de sus mejores interpretes... (Record no. 19390)

MARC details
000 -LEADER
campo de control de longitud fija 00431nam a2200133Ia 4500
008 - DATOS DE LONGITUD FIJA--INFORMACIÓN GENERAL
campo de control de longitud fija 231129s1992||||xx |||||||||||||| ||spa||
040 ## - FUENTE DE CATALOGACIÓN
Lengua de catalogación spa
082 ## - NÚMERO DE LA CLASIFICACIÓN DECIMAL DEWEY
Número de clasificación 780.42 R436L
100 ## - ENTRADA PRINCIPAL--NOMBRE DE PERSONA
Nombre de persona Restrepo Duque Hernan
245 #0 - MENCIÓN DEL TÍTULO
Título Lo que cuentan los boleros : La historia de 100 hermosos boleros de sus compositores y de sus mejores interpretes...
260 ## - PUBLICACIÓN, DISTRIBUCIÓN, ETC.
Fecha de publicación, distribución, etc. 1992
264 ## - PRODUCCIÓN, PUBLICACIÓN, DISTRIBUCIÓN, FABRICACIÓN Y COPYRIGHT
Producción, publicación, distribución, fabricación y copyright Centro Editorial de Estudios Musicales
942 ## - ELEMENTOS DE ENTRADA SECUNDARIOS (KOHA)
Fuente del sistema de clasificación o colocación Clasificación Decimal Dewey
Tipo de ítem Koha
Holdings
Estatus retirado Estado de pérdida Fuente del sistema de clasificación o colocación Estado de daño No para préstamo Biblioteca de origen Biblioteca actual Fecha de adquisición Total de préstamos Signatura topográfica completa Código de barras Visto por última vez Copia número Precio de reemplazo Tipo de ítem Koha
    Clasificación Decimal Dewey     BIBLIOTECA PÚBLICA MUNICIPAL RAMON CORREA MEJIA BIBLIOTECA PÚBLICA MUNICIPAL RAMON CORREA MEJIA 09/07/2009   780.42 R436L 17139 29/11/2023 1 29/11/2023 Libros

Powered by Koha